U skáčúceho tigra jedno z najmalebnejších miest na rieke Jang-c`-ťjang možno nenávratne zmizne. Číňania tu totiž chcú postaviť priehradu

Bibliographic Details
Main Author: Hupka, Peter, 1976- (Author)
Format: Article
Language:Slovak
PhysicalDescription:Obr.
ISSN:1210-2040
Subjects:

MARC

LEADER 00000nab a2200000 a 4500
001 vtls009967020
003 SK-MaSNL
005 20260304040733.0
008 091105 2009 xo r r 000 0 slo
015 |a SNBRB2009/11  |2 kevkjb 
038 |a KEVKJB 
040 |a KEVKJB  |b slo  |c KEVKJB  |e AACR2 
041 0 |a slo 
044 |a xo  |c SK 
080 |a 797.5  |2 2001 
100 1 |a Hupka, Peter,  |d 1976-  |4 aut  |9 217232 
245 1 0 |a U skáčúceho tigra  |b jedno z najmalebnejších miest na rieke Jang-c`-ťjang možno nenávratne zmizne. Číňania tu totiž chcú postaviť priehradu  |c Peter Hupka 
300 |b Obr. 
650 0 7 |a turistické zaujímavosti  |2 SNKPH  |9 73869 
651 7 |a Roklina skáčuceho tigra (Čína)  |2 kevkjb  |9 1321974 
651 7 |a Čína  |2 kevkjb  |9 21369 
651 7 |a Jang-c'-ťiang (Čína : rieka)  |2 kevkjb  |9 126021 
655 7 |a cestopisné reportáže  |z Čína  |2 kevkjb  |9 1321897 
773 0 |t Plus 7 dní  |g Roč. XIX, č. 45 (2009), s. 56-62  |x 1210-2040 
852 |a KEVKJB  |b KIS3GCP 
958 |a CN 
999 |c 2664821  |d 2666751